00479cam a22002051 4500001001300000003000400013005001700017008004100034010001700075035002000092040001800112042001200130050001600142100002000158245002100178260002300199300001900222650001500241999001700256ne 62000325 DLC20260227111734.0950503s1947 tu 000 0 tur  ane 62000325  a(OCoLC)32412233 aDLCcNNCdDLC apremarc00aJC433b.R331 aRefik, Hâmid.10aDemokrasi nedir? aİstanbul,c1947. a120 p.c20 cm. 0aDemocracy. c45040d45040